<?xml version="1.0" encoding="UTF-8"?><?xml-stylesheet type="text/xsl" href="static/style.xsl"?><OAI-PMH xmlns="http://www.openarchives.org/OAI/2.0/" xmlns:xsi="http://www.w3.org/2001/XMLSchema-instance" xsi:schemaLocation="http://www.openarchives.org/OAI/2.0/ http://www.openarchives.org/OAI/2.0/OAI-PMH.xsd"><responseDate>2026-06-04T20:29:21Z</responseDate><request verb="GetRecord" identifier="oai:riuma.uma.es:10630/8093" metadataPrefix="marc">https://riuma.uma.es/rest/oai/request</request><GetRecord><record><header><identifier>oai:riuma.uma.es:10630/8093</identifier><datestamp>2026-02-03T12:26:00Z</datestamp><setSpec>com_10630_2254</setSpec><setSpec>col_10630_37959</setSpec></header><metadata><record xmlns="http://www.loc.gov/MARC21/slim" xmlns:dcterms="http://purl.org/dc/terms/" xmlns:doc="http://www.lyncode.com/xoai" xmlns:xsi="http://www.w3.org/2001/XMLSchema-instance" xsi:schemaLocation="http://www.loc.gov/MARC21/slim http://www.loc.gov/standards/marcxml/schema/MARC21slim.xsd">
   <leader>00925njm 22002777a 4500</leader>
   <datafield ind2=" " ind1=" " tag="042">
      <subfield code="a">dc</subfield>
   </datafield>
   <datafield ind2=" " ind1=" " tag="720">
      <subfield code="a">Herrera, Juan Francisco R.</subfield>
      <subfield code="e">author</subfield>
   </datafield>
   <datafield ind2=" " ind1=" " tag="720">
      <subfield code="a">Casado, Leocadio G.</subfield>
      <subfield code="e">author</subfield>
   </datafield>
   <datafield ind2=" " ind1=" " tag="720">
      <subfield code="a">Haijema, Rene</subfield>
      <subfield code="e">author</subfield>
   </datafield>
   <datafield ind2=" " ind1=" " tag="720">
      <subfield code="a">Hendrix, Eligius María Theodorus</subfield>
      <subfield code="e">author</subfield>
   </datafield>
   <datafield ind2=" " ind1=" " tag="260">
      <subfield code="c">2014-09-24</subfield>
   </datafield>
   <datafield ind2=" " ind1=" " tag="520">
      <subfield code="a">Los semáforos se pueden controlar de forma&#xd;
dinámica a través de varias reglas que dictaminan&#xd;
el color del semáforo segun el número de vehículos&#xd;
a la espera. Estas reglas o acciones se recogen en lo que se conoce como una Tabla de Control de Tráfico(TCT). Se ha calculado una TCT óptima solo para infraestructuras simples mediante el método de Iteración de Valores, que se puede enmarcar dentro de la Programación Dinámica Estocástica. Como novedad de este trabajo, se añade información de la llegada de nuevos vehículos para el cálculo de una TCT óptima, en el caso de una intersección simple, o un conjunto de estas. La dificultad de este problema reside en la&#xd;
complejidad computacional que conlleva el proceso de Iteración de Valores.&#xd;
Para infraestructuras simples, con solo unos pocos&#xd;
carriles de circulación, se desea explotar la estructura del problema mediante el uso de un algoritmo paralelo.&#xd;
En este trabajo se formula el problema como un&#xd;
caso de decisión de Markov y se explican los pasos seguidos para la paralelización del método de Iteración de Valores aplicado a este problema.</subfield>
   </datafield>
   <datafield ind1="8" ind2=" " tag="024">
      <subfield code="a">http://hdl.handle.net/10630/8093</subfield>
   </datafield>
   <datafield tag="653" ind2=" " ind1=" ">
      <subfield code="a">Markov, Procesos de</subfield>
   </datafield>
   <datafield tag="653" ind2=" " ind1=" ">
      <subfield code="a">Programación (Matemáticas)</subfield>
   </datafield>
   <datafield ind2="0" ind1="0" tag="245">
      <subfield code="a">Paralelismo de datos en la obtención de Tablas de Control de Tráfico con información de llegada</subfield>
   </datafield>
</record>
</metadata></record></GetRecord></OAI-PMH>